| 000 | 00000nam##2200000za#4500 |
| 001 | 9.643180 |
| 003 | CaOODSP |
| 005 | 20210624224041 |
| 007 | cr ||||||||||| |
| 008 | 150407|1996||||xxc|||||o f|0| 0 fre|d |
| 040 | |aCaOODSP|bfre |
| 043 | |an-cn--- |
| 086 | 1 |aCW66-404/1996F-PDF |
| 110 | 2 |aService canadien de la faune. |
| 245 | 10|aPlan-cadre pour la conservation des oiseaux terrestres au Canada / |h[ressource électronique]|cle Groupe de travail canadien sur la conservation des oiseaux terrestres, Partenaires d'envol - Canada. |
| 246 | 17|aProgramme canadien de conservation des oiseaux terrestres |
| 260 | |aOttawa - Ontario : |bEnvironnement Canada. |cMars 1996. |
| 300 | |a24p.|bill. |
| 504 | |aBibliographie. |
| 590 | |a14-21-Supp|b2014-12-11 |
| 691 | 07|aConservation de l'environnement|2gcpds |
| 691 | 07|aOiseau|2gcpds |
| 775 | 08|tFramework for landbird conservation in Canada / |w(CaOODSP)9.699169 |
| 856 | 40|ahttp://publications.gc.ca|qPDF|s499 Ko|uhttps://publications.gc.ca/collections/collection_2014/ec/CW66-404-1996-fra.pdf |